000 00883nam a2200229Ia 4500
001 4388
003 GE_BSU
008 181216s||||||||xx |||||||||||||| ||und||
020 _a5724500108
040 _cGE_BSU
080 _a665.63+66+658(075.8)
100 _aЗлотникова,Л.Г. Колосков,В.А. Лобанская,Л.П. и др.
245 _aОрганизация и планирование производства. Управление нефтеперерабатывающими и нефтехимическими предприятиями.
245 _bУчебник для вузов.
250 _a2-е изд. перераб. и доп.
260 _aМ.
260 _bХимия.
260 _c1988.
300 _a320 стр. 21 см.
653 _aОрганизация и планирование производства.
942 _cBK
999 _c38378
_d38378